| 000 | 00374 a2200121 4500 | ||
|---|---|---|---|
| 001 | ART_6565 | ||
| 005 | 20260410161826.0 | ||
| 008 | 260409a | ||
| 245 | 1 | 0 | _aModelo de externalidad por interdependencia trófica |
| 100 | 1 | _aErrazti, Elizabeth | |
| 700 | 1 | _aGualdoni, Patricia Alejandra | |
| 773 | 0 |
_tFACES _g- Año 10, Nº 20 (may./ago. 2004) _wREV5046 |
|
| 999 |
_c22784 _d22784 |
||